000 005590000a22001930004500
090 _aAR
_b01963
245 1 0 _aFood habits of Rollers during the nesting season
650 1 4 _aAves
_992429
650 1 4 _aHábitos alimentarios
_93824
650 1 4 _aColeópteros
_97857
651 4 _pItalia
_992749
653 _gPentodon
_ePenctodon punctatus
653 _gMorimus
_eMorimus asper
653 _gOryctes
_eOryctes nasicornis
041 0 _aInglés
100 1 _aCassola, Fabio
_99428
942 _cARTICULO
773 1 _tBollettino di Zoologia
_3658
_h46
_q87-90
_d1979
999 _c11040
_d11040